000 00422nam a2200169Ia 4500
008 240729s9999 xx 000 0 und d
022 _a2473-974X
245 0 _aOTO Open
260 _aUnited States
260 _bWiley
650 _a Otorhinolaryngology | Medicine
650 _a Surgery
650 _aMedicine
856 _uhttps://doaj.org/toc/5f63ee08761f40f5972e62f7c8af2651
942 _2ddc
942 _cDOAJEJ
999 _c72414
_d72414
945 _a1
_bMadushi Gamage
_c1
_dMadushi Gamage